000 00492ntaaa2200193 4500
003 01
005 20251027203030.0
008 0714s1973 ag 01
040 _aAR-BaBN
_bspa
_cAR-BaBN
_eaacr
_dRIC
082 _a132.0000 J24l
100 _aJagot, Paul C
245 _aEl libro renovador de los nerviosos
250 _a1 ed.
260 _aBuenos Aires :
_bTor,
_c1945
300 _as/p
500 _aFalta segĂșn inventario 1979-80
650 _aDebilidades Mentales
_931366
942 _cBK
999 _c25678
_d25678